| 000 | 00377nam a22001337a 4500 | ||
|---|---|---|---|
| 020 | _a9780595406975 | ||
| 082 |
_a813.6 _bSAL |
||
| 100 | _aSalsini, Paul | ||
| 245 |
_aThe CIELO: _ba novel of wartime Tuscany / _cPaul Salsini |
||
| 260 |
_aNew York : _biUniverse, _c2006. |
||
| 300 |
_a311p. ; _c23 cm. |
||
| 942 |
_2ddc _cBK |
||
| 999 |
_c588577 _d588577 |
||